00784nam a2200241 a 4500001001000000003000900010005001700019008004100036020001500077040002500092082001800117100002700135245008100162260003100243300003400274490001600308650002400324651005000348651005500398651004500453700002800498830001600526000022112DO-SdBNP20250612124132.0100916s1999 mx ab r 000 0 spa d a9681905326 aDO-SdBNPbspacBNPHU 4a330.98bS844d1 aStevens, Willy,d1939-10aDesafíos para América Latina /cWilly Stevens ; prólogo Óscar Arias. aMéxico :bTaurus,c1999. a454 p. :bil., mapas ;c24cm.1 aPensamiento 7aProblemas sociales  7aAmérica LatinaxRelaciones exteriores2LEMB 7aAmérica Latina xPolítica y gobierno2Siglo XX 7aAmérica Latina xCondiciones sociales 1 aArias, Óscarepról. 0aPensamiento